000 00318 a2200133 4500
000 nam a22 7a 4500
100 _aSuman,Kumari
110 _aSuman,Kumari
245 _apublic administration Theory and Practice
250 _alatest edition
260 _bOxford
_c2025
264 _bOxford
_c2025
942 _cBK
999 _c394496
_d394496